Metodología de la OCDE para la evaluación de principios de gobiernos corporativos
Uloženo v:
| Hlavní autor: | |
|---|---|
| Médium: | Kniha |
| Jazyk: | španělština |
| Vydáno: |
Santiago, Chile:
Thomson Reuters Puntolex ;
2011
|
| Témata: | |
| Tagy: |
Přidat tag
Žádné tagy, Buďte první, kdo vytvoří štítek k tomuto záznamu!
|
MARC
| LEADER | 00000cam a2200000 a 4500 | ||
|---|---|---|---|
| 001 | UCG6340 | ||
| 003 | CL-VaPUC | ||
| 005 | 20250106153644.0 | ||
| 008 | 110414e20110200CL |||||||||||||||||spa|d | ||
| 999 | |c 344597 |d 344595 | ||
| 020 | |a 9789563370744 | ||
| 040 | |c Pontificia Universidad Católica de Valparaíso | ||
| 082 | 0 | 4 | |2 21 |a 346.066 SIL 2011 |
| 100 | 1 | |a Silva Palavecinos, Berta Ruth Cecilia |e autora |9 882388 | |
| 245 | 1 | 0 | |a Metodología de la OCDE para la evaluación de principios de gobiernos corporativos |
| 260 | |a Santiago, Chile: |b Thomson Reuters Puntolex ; |c 2011 | ||
| 300 | |a 454 páginas | ||
| 583 | |a last modification |c 20190722 03:47:53 |k Rodrigo Vera | ||
| 650 | 0 | |a Derecho corporativo |9 527869 | |
| 650 | 0 | |a Corporaciones comerciales |9 556475 | |
| 650 | 0 | |a Gobiernos corporativos |9 556476 | |
| 650 | 0 | |a Mercado financiero |9 320731 | |
| 650 | 0 | |a Legislación financiera |9 348097 | |
| 650 | 0 | |a Bolsa de valores |9 329250 | |
| 650 | 0 | |a Inversiones |9 261520 | |
| 650 | 7 | |a Estudio de mercado |9 350124 | |
| 650 | 7 | |a Política de inversiones |9 358663 | |
| 650 | 0 | |a Empresas comerciales |9 334163 | |
| 942 | |c BK |2 ddc | ||
| 945 | |d 20110414 00:00:00 |a jcampos | ||
| 952 | |0 0 |1 0 |4 0 |6 346_066000000000000_SIL_2011 |7 0 |8 A |9 442653 |a BIBDER |b BIBDER |d 2019-11-22 |i 476661K |l 2 |m 1 |o 346.066 SIL 2011 |p 476661K |r 2023-03-17 |s 2023-03-10 |w 2019-11-22 |y BK |k DER | ||
| 952 | |0 0 |1 0 |4 0 |6 346_066000000000000_SIL_2011 |7 0 |8 A |9 442654 |a BIBGIM |b BIBGIM |d 2019-11-22 |i 4808452 |o 346.066 SIL 2011 |p 4808452 |r 2025-01-15 |w 2019-11-22 |y BK |k COM | ||
| 952 | |0 0 |1 0 |4 0 |6 346_066000000000000_SIL_2011 |7 0 |8 A |9 442655 |a BIBGIM |b BIBGIM |d 2019-11-22 |i 4809416 |o 346.066 SIL 2011 |p 4809416 |r 2025-01-15 |w 2019-11-22 |y BK |k COM | ||
| 952 | |0 0 |1 0 |2 ddc |4 0 |6 346_066000000000000_SIL_2011 |7 0 |8 A |9 590078 |a BIBDER |b BIBDER |d 2023-05-18 |e Donacion |i 5657425 |l 6 |m 10 |o 346.066 SIL 2011 |p 5657425 |r 2024-11-05 |s 2024-10-08 |t 4 |w 2023-05-18 |y BK |k DER | ||